Statistics for Real Madrid top 15 soccer players of 2016

Click here to take the quiz!

General Stats

  • This quiz has been taken 1,225 times
  • The average score is 12 of 15

Answer Stats

HintAnswer% Correct
#7ronaldo
100%
#9benzema
97%
#11bale
95%
#4ramos
94%
#19modric
93%
#8kroos
91%
#12marcelo
87%
#2carvajal
82%
#5varane
78%
#14casemiro
74%
#22isco
74%
#3pepe
70%
#10james
63%
#20asensio
61%
#23danilo
20%

Score Distribution

Percentile by Number Answered

Percent of People with Each Score

Your Score History

You have not taken this quiz